O Corpo humano a três dimensões (Registo nº 4461)

Detalhes MARC
000 -Etiqueta do registo
Cabeçalho 00603nam a2200229 4500
005 - Identificador da versão
Campo de controlo 20240813122102.0
010 ## - Número internacional normalizado dos livros (ISBN)
Número (ISBN) 9722613987
035 ## - Other System Control Numbers
System Control Number CMPEN_BC_151.iso/08-07-2009/12780
System Control Number 2195527
100 ## - Dados gerais de processamento
Dados gerais de processamento 20000114d1997 a y0pory5003 ba
102 ## - Pais de publicação ou produção
País de publicação Portugal
101 0# - Língua de publicação
Língua do texto, banda sonora, etc. Português
215 ## - Descrição física 
Indicação específica da natureza do documento e extensão da espécie [5]f.desdobr.
Outras indicações físicas il.
Dimensões 31cm
200 1# - Titulo e menção de responsabilidade
Título próprio O Corpo humano a três dimensões
Primeira menção de responsabilidade David Hawcock
210 ## - Publicação, Distribuição, etc. 
Lugar da edição, distribuição, etc. Porto
Nome do editor, distribuidor, etc. Civilização
Data da publicação, distribuição, etc. 1997
675 ## - Classificação Decimal Universal (CDU)
Notação 611.9
Edição 2
Língua da edição por
700 #1 - Nome de autor-pessoa física (responsabilidade principal)
Número de registo de entrada de autoridade 0001315
Palavra de ordem Hawcock
Outra parte do nome não tomada para palavra de ordem David
966 ## - Identificação da Biblioteca
Sigla BEVENDAS
942 ## - Elementos de entrada adicionados (Koha)
Tipo de item no Koha Livro
Exemplares
Situação do levantamento Origin of item (home branch) (coded) Biblioteca de empréstimo Código de barras Cota Circulation type (not for loan) Tipo de documento Nota do exemplar Damaged status
  Biblioteca Escolar das Vendas Biblioteca Escolar das Vendas BEV1355/06 6ANA BIN   Livro Sem mensagem